<?xml version="1.0" encoding="UTF-8"?>
<record
    xmlns:xsi="http://www.w3.org/2001/XMLSchema-instance"
    xsi:schemaLocation="http://www.loc.gov/MARC21/slim http://www.loc.gov/standards/marcxml/schema/MARC21slim.xsd"
    xmlns="http://www.loc.gov/MARC21/slim">

  <leader>04099nam a2200553Ia 4500</leader>
  <controlfield tag="001">297</controlfield>
  <controlfield tag="008">241029s9999    xx            000 0 und d</controlfield>
  <datafield tag="010" ind1=" " ind2=" ">
    <subfield code="a">265</subfield>
  </datafield>
  <datafield tag="041" ind1=" " ind2=" ">
    <subfield code="a">Espa&#xF1;ol</subfield>
  </datafield>
  <datafield tag="082" ind1=" " ind2=" ">
    <subfield code="a">MCETE308</subfield>
  </datafield>
  <datafield tag="245" ind1=" " ind2="0">
    <subfield code="a">An&#xE1;lisis del proceso de Acreditaci&#xF3;n Internacional del Colegio Garden Kids Internacional School, del Municipio de Sos&#xFA;a, Provincia Puerto Plata, septiembre-diciembre 2012.</subfield>
  </datafield>
  <datafield tag="260" ind1=" " ind2=" ">
    <subfield code="a">Puerto Plata</subfield>
  </datafield>
  <datafield tag="300" ind1=" " ind2=" ">
    <subfield code="a">93</subfield>
  </datafield>
  <datafield tag="520" ind1=" " ind2=" ">
    <subfield code="a">36</subfield>
  </datafield>
  <datafield tag="630" ind1=" " ind2=" ">
    <subfield code="a">Acreditaci&#xF3;n</subfield>
  </datafield>
  <datafield tag="630" ind1=" " ind2=" ">
    <subfield code="a">Proceso de Evaluaci&#xF3;n</subfield>
  </datafield>
  <datafield tag="630" ind1=" " ind2=" ">
    <subfield code="a">Proceso Educativo</subfield>
  </datafield>
  <datafield tag="650" ind1=" " ind2=" ">
    <subfield code="a">Competencias Educativas</subfield>
  </datafield>
  <datafield tag="690" ind1=" " ind2=" ">
    <subfield code="a">Sintetizado</subfield>
  </datafield>
  <datafield tag="700" ind1=" " ind2=" ">
    <subfield code="e">asesor</subfield>
    <subfield code="a">Bejar&#xE1;n Maldonado, Sonia</subfield>
  </datafield>
  <datafield tag="700" ind1=" " ind2=" ">
    <subfield code="e">autor</subfield>
    <subfield code="a">G&#xF3;mez, Iris Altagracia </subfield>
  </datafield>
  <datafield tag="700" ind1=" " ind2=" ">
    <subfield code="e">autor</subfield>
    <subfield code="a">Castillo, Ivis</subfield>
  </datafield>
  <datafield tag="901" ind1=" " ind2=" ">
    <subfield code="a">{"1":"G&#xF3;mez","2":"Castillo"}</subfield>
    <subfield code="b">{"1":"Iris Altagracia ","2":"Ivis"}</subfield>
  </datafield>
  <datafield tag="902" ind1=" " ind2=" ">
    <subfield code="a">1</subfield>
  </datafield>
  <datafield tag="903" ind1=" " ind2=" ">
    <subfield code="a">{"1":"Bejar&#xE1;n Maldonado"}</subfield>
    <subfield code="b">{"1":"Sonia"}</subfield>
  </datafield>
  <datafield tag="904" ind1=" " ind2=" ">
    <subfield code="a">Mag&#xED;ster en</subfield>
  </datafield>
  <datafield tag="905" ind1=" " ind2=" ">
    <subfield code="a">Ciencias de la Educaci&#xF3;n</subfield>
  </datafield>
  <datafield tag="906" ind1=" " ind2=" ">
    <subfield code="a">2</subfield>
  </datafield>
  <datafield tag="907" ind1=" " ind2=" ">
    <subfield code="a">NO APLICA</subfield>
  </datafield>
  <datafield tag="908" ind1=" " ind2=" ">
    <subfield code="a">NO APLICA</subfield>
  </datafield>
  <datafield tag="909" ind1=" " ind2=" ">
    <subfield code="a">Universidad Tecnol&#xF3;gica de Santiago (UTESA), Recinto Santiago</subfield>
  </datafield>
  <datafield tag="910" ind1=" " ind2=" ">
    <subfield code="a">NULL</subfield>
    <subfield code="b">NULL</subfield>
  </datafield>
  <datafield tag="911" ind1=" " ind2=" ">
    <subfield code="a">["1"]</subfield>
  </datafield>
  <datafield tag="912" ind1=" " ind2=" ">
    <subfield code="a">NO APLICA</subfield>
  </datafield>
  <datafield tag="913" ind1=" " ind2=" ">
    <subfield code="a">NULL</subfield>
  </datafield>
  <datafield tag="914" ind1=" " ind2=" ">
    <subfield code="a">03 de Diciembre de 2012</subfield>
  </datafield>
  <datafield tag="915" ind1=" " ind2=" ">
    <subfield code="a">08/11/19 10:11</subfield>
  </datafield>
  <datafield tag="916" ind1=" " ind2=" ">
    <subfield code="a">NULL</subfield>
  </datafield>
  <datafield tag="917" ind1=" " ind2=" ">
    <subfield code="a">NULL</subfield>
  </datafield>
  <datafield tag="918" ind1=" " ind2=" ">
    <subfield code="a">NO APLICA</subfield>
  </datafield>
  <datafield tag="919" ind1=" " ind2=" ">
    <subfield code="a">["3","164","165"]</subfield>
  </datafield>
  <datafield tag="520" ind1=" " ind2=" ">
    <subfield code="a">El proceso de acreditaci&#xF3;n es definido como un conjunto de protocolos basados en la investigaci&#xF3;n y rigurosa evaluaci&#xF3;n de los procesos Institucionales de la escuela para la medici&#xF3;n de la calidad y funcionalidad organizacional de la Instituci&#xF3;n Educativa. Y que hoy en d&#xED;a est&#xE1;n enfrentadas a la realidad de estar insertadas en un mundo globalizado, por lo que deben alinear sus est&#xE1;ndares de calidad con los de Instituciones Internacionales, con las que puedan medir y comparar su nivel cualitativo. La indagaci&#xF3;n de analizar el proceso de acreditaci&#xF3;n internacional del Colegio Garden Kids Internacional School, se valor&#xF3;&#xA0;como positiva, en cuanto a la calidad acad&#xE9;mica de su oferta acad&#xE9;mica, la capacitaci&#xF3;n de su personal en todas las &#xE1;reas, adaptaci&#xF3;n de su planta f&#xED;sica, implementaci&#xF3;n de nuevos recursos did&#xE1;cticos y planes de seguridad para docentes y discentes, que colocan a la Instituci&#xF3;n en un alto nivel competitivo dentro y fuera del pa&#xED;s. El estudio tuvo como objetivo analizar el proceso de acreditaci&#xF3;n internacional del Colegio Garden Kids Internacional School del Municipio de Sos&#xFA;a, Puerto Plata y se pretendi&#xF3; valorar los procedimientos necesarios para este proceso y los resultados del mismo.La investigaci&#xF3;n fue de tipo descriptiva, porque present&#xF3; un problema de la actualidad, destacando la importancia que tiene para los centros someterse a un proceso de acreditaci&#xF3;n internacional. Entre las conclusiones m&#xE1;s relevantes est&#xE1;n: la Instituci&#xF3;n cuenta con docentes capacitados para laborar la educaci&#xF3;n Biling&#xFC;e y que se capacitan frecuentemente para mejorar la Calidad Educativa.Se recomend&#xF3; a la Instituci&#xF3;n implementar programas de desarrollo profesional de manera estructurada, consistente en impulsar al docente a mejorar sus debilidades en el manejo y gesti&#xF3;n del aula. Adem&#xE1;s, propiciar y facilitar el crecimiento de los profesores enrolados en programas de maestr&#xED;as y doctorados, pues se evidenci&#xF3; que un m&#xED;nimo porcentaje de docentes posee esta titulaci&#xF3;n y una Instituci&#xF3;n con el aval internacional, debe mantener un rango de Calidad Educativa a unos niveles de est&#xE1;ndares de un 100%. La Instituci&#xF3;n cumple con los indicadores que miden la Calidad Educativa, pero deben mejorar las estad&#xED;sticas para que sirvan de soporte para una mejor toma de decisiones. Se destaca el bajo nivel de repitencia, demostrando el grado de eficientizaci&#xF3;n que tiene el curr&#xED;culo aplicado a estos discentes. As&#xED; como la educaci&#xF3;n personalizada con que cuentan los padres de dicho Centro. &#xA0;</subfield>
  </datafield>
  <datafield tag="921" ind1=" " ind2=" ">
    <subfield code="a">11</subfield>
  </datafield>
  <datafield tag="922" ind1=" " ind2=" ">
    <subfield code="a">11</subfield>
  </datafield>
  <datafield tag="923" ind1=" " ind2=" ">
    <subfield code="a">0</subfield>
  </datafield>
  <datafield tag="924" ind1=" " ind2=" ">
    <subfield code="a">NO APLICA</subfield>
  </datafield>
  <datafield tag="942" ind1=" " ind2=" ">
    <subfield code="c">Tesis</subfield>
  </datafield>
  <datafield tag="999" ind1=" " ind2=" ">
    <subfield code="c">265</subfield>
    <subfield code="d">265</subfield>
  </datafield>
</record>
